Sportifs hollandais Masculins - Statistiques

Statistiques générales
  • Ce quiz a été pris 8 fois
  • Le résultat moyen est 6 sur 44
Statistiques - réponses
Sports pratiqué Réponse % Correct
Football Arjen Robben
63%
F1 Max Verstappen
63%
Football Memphis Depay
63%
Football Robin Van Persie
63%
Football Wesley Sneijder
50%
Cyclisme Mathieu Van Der Poel
38%
Football Virgil Van Dijk
38%
Football Frenkie De Jong
25%
Tennis Tallon Griekspoor
25%
Patinage de vitesse Teun Boer
25%
Cyclisme Bauke Mollema
13%
Tennis Botic Van de Zandschulp
13%
Football Dirk Kuyt
13%
Cyclisme Dylan Groenewegen
13%
Cyclisme Fabio Jakobsen
13%
Football Jasper Cillessen
13%
Football Matthijs De Ligt
13%
Fléchettes Michael Van Gerwen
13%
Tennis Robin Haase
13%
Natation Arno Kamminga
0%
Hockey sur gazon Billy Bakker
0%
Football Daley Blind
0%
Cyclisme Dylan Van Baarle
0%
Basketball Francisco Elson
0%
Fléchettes Gian Van Veen
0%
Patinage de vitesse Jens van 't Wout
0%
Patinage de vitesse Jorrit Bergsma
0%
Patinage de vitesse Kjeld Nuis
0%
Patinage de vitesse Koen Verweij
0%
Patinage de vitesse Melle van 't Wout
0%
Cyclisme Mike Teunissen
0%
Cyclisme Niki Terpstra
0%
Volley Nimir Abdel-Aziz
0%
Formule E Nyck De Vries
0%
Patinage de vitesse Patrick Roest
0%
Cyclisme Steven Kruijswijk
0%
Patinage de vitesse Sven Kramer
0%
Patinage de vitesse Thomas Krol
0%
Cyclisme Tom Dumoulin
0%
Hockey sur gazon Valnetin Verga
0%
Cyclisme Wilco Kelderman
0%
Volley Wouter ter Maat
0%
Cyclisme Wout Poels
0%
Kitesurf Youri Zoon
0%
Aucun quiz correspondant
Distribution des résultats
% des personnes avec chaque résultat
Percentile par nombre de réponses
Votre historique - résultats
Vous n’avez pas pris ce quiz